| Tag |
First Indicator |
Second Indicator |
Subfields |
| LEADER |
00000cam a2200000Ia 4500 |
| 001 |
in00002785860 |
| 005 |
20150922145048.0 |
| 008 |
121120s1881 gw 000 1 ger d |
| 035 |
|
|
|a (OCoLC)ocm19319303
|
| 035 |
|
|
|a (OCoLC)19319303
|
| 040 |
|
|
|a CUY
|b eng
|c CUY
|d OCL
|d OCLCQ
|d OCLCG
|d AUD
|d OCLCQ
|d TXA
|d UtOrBLW
|
| 041 |
1 |
|
|a ger
|h spa
|
| 049 |
|
|
|a TXAM
|
| 050 |
|
4 |
|a PQ6331
|b .A6 1881
|
| 100 |
1 |
|
|a Cervantes Saavedra, Miguel de,
|d 1547-1616.
|
| 240 |
1 |
0 |
|a Novelas ejemplares.
|l German
|
| 245 |
1 |
0 |
|a Moralische Novellen /
|c von Miguel de Cervantes-Saavedra ; uebers. von A. von Keller und Fr. Notter ; mit einer Einleitung von O.v. Leixner.
|
| 264 |
|
1 |
|a Stuttgart :
|b W. Spemann,
|c [1881?]
|
| 300 |
|
|
|a 222 pages ;
|c 18 cm.
|
| 336 |
|
|
|a text
|b txt
|2 rdacontent
|
| 337 |
|
|
|a unmediated
|b n
|2 rdamedia
|
| 338 |
|
|
|a volume
|b nc
|2 rdacarrier
|
| 490 |
1 |
|
|a Deutsche Hand- und Hausbibliothek ;
|v 3
|
| 490 |
1 |
|
|a Collection Spemann
|
| 505 |
0 |
|
|a Fräulein Cornelia. -- Das Zigeunermädchen von Madrid. -- Geschichte von Eklein und Schnittel.
|
| 580 |
|
|
|a Forms part of The Eduardo Urbina Cervantes Project Collection.
|
| 650 |
|
0 |
|a Spanish literature
|v Translations into German.
|
| 700 |
1 |
|
|a Keller, Adelbert von,
|d 1812-1883.
|
| 700 |
1 |
|
|a Notter, Friedrich,
|d 1801-1884.
|
| 776 |
0 |
8 |
|i Online version:
|a Cervantes Saavedra, Miguel de, 1547-1616.
|s Novelas ejemplares. German.
|t Moralische Novellen.
|d Stuttgart : W. Spemann, [1881?]
|w (OCoLC)610481942
|
| 830 |
|
0 |
|a Deutsche Hand- und Hausbibliothek ;
|v 3.
|
| 830 |
|
0 |
|a Collection Spemann.
|
| 948 |
|
|
|a cataloged
|b h
|c 2013/4/23
|d c
|e lschille
|f 10:15:54 am
|
| 994 |
|
|
|a C0
|b TXA
|
| 999 |
|
|
|a MARS
|
| 999 |
f |
f |
|s 1e82591e-31aa-3b43-ae00-d7b15d12ca26
|i 66e566eb-9b6d-3f61-8d67-ab837092a36d
|t 0
|
| 952 |
f |
f |
|p noncirc
|a Texas A&M University
|b College Station
|c Cushing Memorial Library & Archives
|d Cushing: Rare Books (Does not check out)
|t 0
|e PQ6331 .A6 1881
|h Library of Congress classification
|i unmediated -- volume
|
| 998 |
f |
f |
|a PQ6331 .A6 1881
|t 0
|l Cushing: Rare Books (Does not check out)
|